Szemle. Erudíció és értelmiségi felelősségtudat. Gáll Ernő: A nacionalizmus színeváltozásai. Literátor könyvkiadó. Nagyvárad 1994. 216 l
Elmentve itt :
| Szerző: | |
|---|---|
| Adatforrás: | Meister |
| Forrásdokumentuma: | Erdélyi Múzeum. - 1-2 sz., 1995, p. |
| Nyelv: | magyar |
| Kulcsszavak: | politika-filozófia recenzió politika-szociológia recenzió nacionalizmus GÁLL Ernő BABITS Mihály |
| LEADER | 00597nab a2200169 i 4500 | ||
|---|---|---|---|
| 001 | bibPRO00008565 | ||
| 008 | 060524s1995 xx hun | ||
| 040 | |a Sz1 | ||
| 041 | |a hun | ||
| 100 | 1 | |a NAGY György | |
| 245 | 1 | 0 | |a Szemle. Erudíció és értelmiségi felelősségtudat. Gáll Ernő: A nacionalizmus színeváltozásai. Literátor könyvkiadó. Nagyvárad 1994. 216 l |c NAGY György |
| 695 | |a politika-filozófia recenzió | ||
| 695 | |a politika-szociológia recenzió | ||
| 695 | |a nacionalizmus | ||
| 695 | |a GÁLL Ernő | ||
| 695 | |a BABITS Mihály | ||
| 773 | 0 | |t Erdélyi Múzeum. - |g 1-2 sz., 1995, p. | |